Essays on Old Testament history and religion. (Record no. 3333)

MARC details
000 -LEADER
fixed length control field 01036cam a22002891 4500
001 - CONTROL NUMBER
control field 4535219
003 - CONTROL NUMBER IDENTIFIER
control field GBCCL
005 - DATE AND TIME OF LATEST TRANSACTION
control field 20241126110452.0
008 - FIXED-LENGTH DATA ELEMENTS--GENERAL INFORMATION
fixed length control field 740514t19671966nyu b 000 0 eng
010 ## -
-- 67010372
040 ## - CATALOGING SOURCE
Original cataloging agency DLC
Transcribing agency DLC
Modifying agency DLC
041 1# -
-- engger
050 00 -
-- BS1188
-- .A433 1967
082 00 - DEWEY DECIMAL CLASSIFICATION NUMBER
Classification number 221.95
Item number ALT
100 1# - MAIN ENTRY--PERSONAL NAME
Personal name Alt, Albrecht,
Dates associated with a name 1883-1956.
9 (RLIN) 6832
240 10 -
-- Kleine Schriften zur Geschichte des Volkes Israel.
-- English
245 10 - TITLE STATEMENT
Title Essays on Old Testament history and religion.
Statement of responsibility, etc. Translated by R. A. Wilson.
250 ## - EDITION STATEMENT
Edition statement [1st ed. in the U.S.A.]
260 ## - PUBLICATION, DISTRIBUTION, ETC.
Place of publication, distribution, etc. Garden City, N.Y.,
Name of publisher, distributor, etc. Doubleday,
Date of publication, distribution, etc. 1967 [c1966]
300 ## - PHYSICAL DESCRIPTION
Extent viii, 352 p.
Dimensions 22 cm.
500 ## - GENERAL NOTE
General note "The essays here translated were published in a collection of Alt's essays ... Kleine Schriften zur Geschichte des Volkes Israel."
504 ## - BIBLIOGRAPHY, ETC. NOTE
Bibliography, etc. note Bibliographical footnotes.
630 00 - SUBJECT ADDED ENTRY--UNIFORM TITLE
Uniform title Bible.
Name of part/section of a work Old Testament.
9 (RLIN) 1751
650 #0 - SUBJECT ADDED ENTRY--TOPICAL TERM
Topical term or geographic name entry element Jews
General subdivision History
Chronological subdivision To 70 A.D.
9 (RLIN) 4710
906 ## - LOCAL DATA ELEMENT F, LDF (RLIN)
a 7
b cbc
c orignew
d u
e ocip
f 19
g y-gencatlg
942 ## - ADDED ENTRY ELEMENTS (KOHA)
Source of classification or shelving scheme Dewey Decimal Classification
Koha item type Books
Holdings
Withdrawn status Lost status Source of classification or shelving scheme Damaged status Not for loan Home library Current Library Shelving location Date acquired Total checkouts Full call number Barcode Date last seen Copy number Price effective from Koha item type
    Dewey Decimal Classification     GRACE BIBLE COLLEGE GRACE BIBLE COLLEGE Biblical Studies 2017-11-24   221.95 ALT 007569 2025-05-01 c.1 2017-11-24 Books
© Grace Bible College Library 2025